Normal view
MARC view
Entry Personal Name
001 - CONTROL NUMBER
- control field: 48122
003 - CONTROL NUMBER IDENTIFIER
- control field: dpl
005 - DATE AND TIME OF LATEST TRANSACTION
- control field: 20120529125630.0
008 - FIXED-LENGTH DATA ELEMENTS
- fixed length control field: 120529|||a|||||| | ||| d
040 ## - CATALOGING SOURCE
- Original cataloging agency: dpl
- Transcribing agency: dpl
100 ## - HEADING--PERSONAL NAME
- Personal name: Ahuja, Girish
670 ## - SOURCE DATA FOUND
- Source citation: Work cat.: (dpl): Ahuja, Girish, Bharat's simplified approach to corporate tax planning and management /, 2005
670 ## - SOURCE DATA FOUND
- Source citation: Work cat.: (dpl): Ahuja, Girish, Bharat's simplified approach to corporate tax planning and management /, 2005
